Statistics for Road cycling UCI élite world champions (women)

Click here to take the quiz!

General Stats

  • This quiz has been taken 10 times
    (8 since last reset)
  • The average score is 22 of 63

Answer Stats

World championshipcyclist% Correct
2019 - Harrogate, United KingdomAnnemiek van Vleuten (NLD)
88%
2022 - Wollongong, AustraliaAnnemiek van Vleuten (NLD)
88%
2023 - Glasgow, ScotlandLotte Kopecky (BEL)
88%
2006 - Salzburg, AustriaMarianne Vos (NLD)
88%
2012 - Valkenburg, NetherlandsMarianne Vos (NLD)
88%
2013 - Florence, ItalyMarianne Vos (NLD)
88%
2018 - Innsbruck, AustriaAnna van der Breggen (NLD)
75%
2020 - Imola, ItalyAnna van der Breggen (NLD)
75%
2017 - Bergen, NorwayChantal Blaak (NLD)
63%
2021 - Flanders, BelgiumElisa Balsamo (ITA)
50%
2011 - Copenhagen, DenmarkGiorgia Bronzini (ITA)
50%
2010 - Geelong, AustraliaGiorgia Bronzini (ITA)
50%
1962 - Salò, ItalyMarie-Rose Gaillard (BEL)
50%
1973 - Barcelona, SpainNicole Vandenbroeck (BEL)
50%
1966 - Nürburgring, West GermanyYvonne Reynders (BEL)
50%
1959 - Zandvoort, NetherlandsYvonne Reynders (BEL)
50%
1963 - Ronse, BelgiumYvonne Reynders (BEL)
50%
1961 - Berne, SwitzerlandYvonne Reynders (BEL)
50%
1997 - San Sebastián, SpainAlessandra Cappellotto (ITA)
38%
2016 - Doha, QatarAmalie Dideriksen (DNK)
38%
1968 - Imola, ItalyKeetie van Oosten-Hage (NLD)
38%
1976 - Ostuni, ItalyKeetie van Oosten-Hage (NLD)
38%
1993 - Oslo, NorwayLeontien van Moorsen (NLD)
38%
1991 - Stuttgart, GermanyLeontien van Moorsen (NLD)
38%
2007 - Stuttgart, GermanyMarta Bastianelli (ITA)
38%
1979 - Valkenburg, NetherlandsPetra de Bruijn (NLD)
38%
2009 - Mendrisio, SwitzerlandTatiana Guderzo (ITA)
38%
1975 - Yvoir, BelgiumTineke Fopma (NLD)
38%
1969 - Zolder, BelgiumAudrey McElmury (USA)
25%
1967 - Heerlen, NetherlandsBeryl Burton (GBR)
25%
1960 - Karl-Marx-Stadt, East GermanyBeryl Burton (GBR)
25%
1980 - Sallanches, FranceBeth Heiden (USA)
25%
1998 - Valkenburg, NetherlandsDiana Žiliūtė (LTU)
25%
1999 - Verona, ItalyEdita Pučinskaitė (LTU)
25%
1989 - Chambéry, FranceJeannie Longo (FRA)
25%
1987 - Villach, AustriaJeannie Longo (FRA)
25%
1995 - Duitama, ColombiaJeannie Longo (FRA)
25%
1986 - Colorado Springs, United StatesJeannie Longo (FRA)
25%
1985 - Giavera del Montello, ItalyJeannie Longo (FRA)
25%
2004 - Verona, ItalyJudith Arndt (DEU)
25%
2015 - Richmond, United StatesLizzie Armitstead (GBR)
25%
1982 - Goodwood, United KingdomMandy Jones (GBR)
25%
1983 - Altenrhein, SwitzerlandMarianne Berglund (SWE)
25%
2008 - Varese, ItalyNicole Cooke (GBR)
25%
2001 - Lisbon, PortugalRasa Polikevičiūtė (LTU)
25%
2005 - Madrid, SpainRegina Schleicher (DEU)
25%
2003 - Hamilton, CanadaSusanne Ljungskog (SWE)
25%
2002 - Zolder, BelgiumSusanne Ljungskog (SWE)
25%
1971 - Mendrisio, SwitzerlandAnna Konkina (URS)
13%
1970 - Leicester, United KingdomAnna Konkina (URS)
13%
1978 - Nürburgring, West GermanyBeate Habetz (FRG)
13%
1990 - Utsunomiya, JapanCatherine Marsal (FRA)
13%
1965 - San Sebastián, SpainElisabeth Eicholz (GDR)
13%
1958 - Reims, FranceElsy Jacobs (LUX)
13%
1964 - Sallanches, FranceEmīlija Sonka (URS)
13%
1974 - Montreal, CanadaGeneviève Gambillon (FRA)
13%
1972 - Gap, FranceGeneviève Gambillon (FRA)
13%
1977 - San Cristóbal, VenezuelaJosiane Bost (FRA)
13%
1994 - Agrigento, ItalyMonika Valvik (NOR)
13%
2014 - Ponferrada, SpainPauline Ferrand-Prévot (FRA)
13%
1981 - Prague, CzechoslovakiaUte Enzenauer (FRG)
13%
2000 - Plouay, FranceZinaida Stahurskaia (BLR)
13%
1996 - Lugano, SwitzerlandBarbara Heeb (CHE)
0%

Score Distribution

Percentile by Number Answered

Percent of People with Each Score

Your Score History

You have not taken this quiz since the last reset